Kemahiran sosial asas

Bibliographic Details
Main Author: Abdul Rahman Abdul Aziz
Format: Book
Published: KL : Utusan Publications & Distributors Sdn Bhd , 2000
Subjects:

MARC

LEADER 00000cam a2200000 7i4500
001 0000039419
005 20131224.0
008 131224
020 |a 967611118X 
090 0 0 |a 302   |b ABD 
100 0 |a Abdul Rahman Abdul Aziz 
245 1 0 |a Kemahiran sosial asas   |c Abdul Rahman Abdul Aziz 
260 |a KL :   |b Utusan Publications & Distributors Sdn Bhd ,   |c 2000 
650 0 |a Interpersonel communication 
650 0 |a Interpersonel relations 
999 |a 0000796637   |b Book   |c Adult Collection   |e Cawangan Segamat 
999 |a 0000799555   |b Book   |c Adult Collection   |e Cawangan Pontian 
999 |a 0000816232   |b Book   |c Adult Collection   |e Cawangan Mersing 
999 |a 0000909705   |b Book   |c Adult Collection   |e Cawangan Bandar Tenggara 
999 |a 0001257953   |b Book   |c Adult Collection   |e Perbadanan Perpustakaan Awam Johor